Antología poética del sur / (Registro nro. 14014)

Detalles MARC
000 -LEADER
fixed length control field 03462nam a2200325 a 4500
001 - CONTROL NUMBER
control field 000004040
003 - CONTROL NUMBER IDENTIFIER
control field DO-SdBNP
005 - DATE AND TIME OF LATEST TRANSACTION
control field 20221124081812.0
008 - FIXED-LENGTH DATA ELEMENTS--GENERAL INFORMATION
fixed length control field 090716t2007 dr 001 p spa d
020 ## - INTERNATIONAL STANDARD BOOK NUMBER
International Standard Book Number 9789993442684
040 ## - CATALOGING SOURCE
Original cataloging agency DO-SdBNP
Language of cataloging spa
Transcribing agency BPMSU
082 #4 - DEWEY DECIMAL CLASSIFICATION NUMBER
Classification number RD861.08
Item number A634p 2006
Edition number 22
245 00 - TITLE STATEMENT
Title Antología poética del sur /
Statement of responsibility, etc. compilación Juan B. Nina ; prólogo Odalís G. Pérez.
260 ## - PUBLICATION, DISTRIBUTION, ETC. (IMPRINT)
Place of publication, distribution, etc. Santo Domingo :
Name of publisher, distributor, etc. Dirección General de la Feria del Libro,
Date of publication, distribution, etc. 2007.
300 ## - PHYSICAL DESCRIPTION
Extent 260 p. ;
Dimensions 23 cm.
490 0# - SERIES STATEMENT
Series statement Ediciones Ferilibro
Volume/sequential designation 107
500 ## - GENERAL NOTE
General note Incluye datos biográficos del compilador en la solapa de cubierta
504 ## - BIBLIOGRAPHY, ETC. NOTE
Bibliography, etc Bibliografía : p. 251-260.
505 0# - FORMATTED CONTENTS NOTE
Miscellaneous information Presentación /
Statement of responsibility Alejandro Arvelo --
-- Prólogo:
-- Odalís G. Pérez --
Title Notas del autor /
Statement of responsibility Juan B. Nina --
Formatted contents note San Cristóbal :
Statement of responsibility Osvaldo Bazil --
-- Tulio M. Cestero --
-- Zacarías Espinal --
-- Héctor Díaz Polanco --
-- Ramón Antonio Abad Méndez --
-- Cándido Gerón Araújo --
-- Odalís G. Pérez Nina --
-- Sócrates Barinas Coiscou --
-- Adán la Paix Valdez --
-- Ramón A. Jaar Pérez --
-- Domingo Porfirio Rojas Nina --
-- Diógenes Nina --
-- Alejandro Solano --
-- Orlando Suriel (Sueko) --
-- Mario Read Vittini --
-- Guaroa Ubiñas Renville --
-- Blanca Kais Barinas
-- Marcial Báez --
-- María Victoria Carreño Montás --
-- Daniel Martich --
-- Ana Romero Franco --
-- Aníbal Montaño --
-- Ninoska Martínez --
-- José Calderón --
-- Martín Santos --
Miscellaneous information Peravia :
Statement of responsibility Francisco Gregorio Billini --
-- Encarnación Echavarría Villaseca --
-- Marcos A. Cabral -
-- Aquiles Cabral Billini --
-- Héctor Incháustegui Cabral --
-- Rafael Lara Cintrón --
-- Manuel de Jesús Heredia y Solá --
-- María Trinidad Garay y Solá --
-- Benita Bernabel --
-- Héctor Pérez Reyes --
Miscellaneous information San José de Ocoa :
Statement of responsibility Pedro Pablo Fernández --
-- Juan B. Castillo Castillo --
-- Darío Tejeda --
-- Ramón Tejeda Read --
Miscellaneous information Azua :
Statement of responsibility Héctor J. Díaz --
-- Eulogio Cabral --
-- Francisco Javier Amiama Gómez --
-- Rafael Pérez Matos --
-- Bartolomé Olegario Pérez --
-- Miguel Aníbal Perdomo --
-- Rannel Báez --
-- Damarys Agramonte --
-- Virgilio López --
-- Virgilio López --
-- Bernardo Silfa Bor --
-- Otto Oscar Milanese --
-- Rosselys Alcántara --
-- H.B. de Castro Noboa --
505 0# - FORMATTED CONTENTS NOTE
Miscellaneous information Barahona :
Statement of responsibility Luis Alfredo Torres --
-- Rafael Damirón --
-- Federico Cuello López --
-- Antonio da Costa Gómez --
-- Roberto Reyes --
-- Juan Matos --
-- Marino Berigüete --
-- Ivelisse da Costa Gómez --
Miscellaneous information San Juan :
Statement of responsibility Max Uribe --
-- Salvador Santana --
-- Tulio Cordero --
-- María Antonietta Ronzino --
-- Jorge Piña --
-- Nicolás Mateo --
-- Roberto Sánchez --
-- Geraldo Castillo --
-- Cornelio Ciprián Ogando --
-- José Enrique Méndez Díaz --
-- Carlos Agramonte --
-- Roberto Canario --
-- Sobiesky de León --
-- Oscar Peña --
Miscellaneous information Bahoruco :
Statement of responsibility Apolinar Perdomo --
-- Angel Hernández Acosta --
-- Pedro Caro --
-- Julio Cuevas --
-- Armando A. Sosa Leyba --
-- Petra Saviñón --
Miscellaneous information Elías Piña :
Statement of responsibility Antonio Acevedo --
-- Rafael Emigdio Caamaño Castillo --
-- Paulino Lorenzo y Lorenzo --
Miscellaneous information Independencia :
Statement of responsibility Julio César Dotel Pérez --
-- Loweski Medina --
Miscellaneous information Pedernales :
Statement of responsibility Confesor Rosario Gil --
Miscellaneous information Bibliografía.
590 ## - LOCAL NOTE (RLIN)
Local note Inventariado, 2022/VM
650 #4 - SUBJECT ADDED ENTRY--TOPICAL TERM
Topical term or geographic name as entry element Poesía dominicana
General subdivision Colecciones
650 #4 - SUBJECT ADDED ENTRY--TOPICAL TERM
Topical term or geographic name as entry element Literatura dominicana.
650 #4 - SUBJECT ADDED ENTRY--TOPICAL TERM
Topical term or geographic name as entry element Ciudades y pueblos
Form subdivision Poesías.
651 #4 - SUBJECT ADDED ENTRY--GEOGRAPHIC NAME
Geographic name Sur (República Dominicana)
Form subdivision Poesías
700 1# - ADDED ENTRY--PERSONAL NAME
Personal name Nina Martínez, Juan Bautista,
Dates associated with a name 1959-,
Relator term comp.
700 1# - ADDED ENTRY--PERSONAL NAME
Personal name Pérez, Odalís G.
Dates associated with a name 1952-
Relator term pról.
910 ## - USER-OPTION DATA (OCLC)
User-option data VMateo V.Validado
942 ## - ADDED ENTRY ELEMENTS (KOHA)
Source of classification or shelving scheme Dewey Decimal Classification
Koha item type Libros
Existencias
Withdrawn status Lost status Source of classification or shelving scheme Damaged status Not for loan Collection code Home library Current library Date acquired Source of acquisition Full call number Barcode Date last seen Price effective from Koha item type
    Dewey Decimal Classification     Colección Dominicana Biblioteca Pública Metropolitana Salomé Ureña Biblioteca Pública Metropolitana Salomé Ureña 02/04/2022 Fundacón Juan Bosch BPMSU CD RD861.08 A634p 2007 BPMSU22020029 02/04/2022 02/04/2022 Libros